Rhymes with 'Snow' Quiz Stats

 Plays Quiz Updated Nov 16, 2020

Support Sporcle.
Go Orange.
Score 0/50 Timer 04:00
1 Play Today
% Correct
do
91.7%
low
91.5%
lo
91%
ho
90.7%
no
90.7%
bow
88.9%
mow
88.4%
blow
87.1%
row
86.7%
go
85.6%
so
85.2%
hoe
84.1%
grow
81%
flow
80.5%
tow
79.2%
slow
76.3%
crow
76%
doe
75.3%
glow
74.7%
toe
72.5%
show
71.4%
foe
70.8%
fro
70.4%
stow
69.9%
bro
67.8%
% Correct
know
67.5%
yo
63.7%
joe
63%
sow
61.2%
woe
60.3%
roe
58.8%
dough
58.6%
sew
50.6%
throw
47.4%
pro
46.2%
oh
44.1%
though
43.1%
tho
41.8%
whoa
30.8%
froe
30%
beau
27.2%
floe
26.6%
owe
26.2%
sloe
22.2%
rho
11.6%
throe
9.8%
faux
9.6%
schmo(e)
4%
mho
3.2%
mot
2%

From the Vault

5 to 1: Weather

by mg10

Science 3m
Get your head out of the clouds! There's a quiz to be played!
Remove Ads.
Support Sporcle.
Get the best of Sporcle when you Go Orange. This ad-free experience offers more features, more stats, and more fun while also helping to support Sporcle. Thank you for becoming a member.

Show Comments

Extras

Top Quizzes Today


Score Distribution

Your Account Isn't Verified!

In order to create a playlist on Sporcle, you need to verify the email address you used during registration. Go to your Sporcle Settings to finish the process.

Report this User

Report this user for behavior that violates our Community Guidelines.

Details: